000 00835nam a22002537a 4500
001 BR7705642
003 BR-BrBNA
005 20230928085454.0
007 ta
008 230509b bl.||||| |||| 00| 0 por d
040 _aBR-BrBNA
_bpor
_cBiblioteca Nacional de Agricultura
041 _a(Por)
072 _aF00
_b/G514
090 _ F00 BR7705642
110 1 _aGrupo Executivo da Producao Vegetal, Belem, PA (Brasil)
_95462
245 1 _aConsideracoes sobre as atividades do Grupo Executivo de Producao Vegetal (GEPV)exercicio de 1977 [Para, Brasil]
260 3 _aBelem, PA (Brasil):
_c1977.
300 _a50 p.
500 _a(*) Documento disponível no(a) Secretaria de Estado de Agricultura do Para, Belem (Brazil)
650 _aPRODUCAO VEGETAL
650 _aPARA
909 _a202309
_bLucia
_c55
_dLucia Elande
942 _cBK
999 _c24610
_d24610